[Event "Bucaramanga op"]
[Site "Bucaramanga"]
[Date "2023.09.06"]
[Round "2"]
[White "Ruiz Aguilar, Pablo Alexander"]
[Black "Sequeda Ramirez, Pablo"]
[Result "1-0"]
[WhiteElo "2207"]
[BlackElo "2019"]
[PlyCount "81"]
[EventDate "2023.09.06"]
[EventType "swiss"]
[EventRounds "9"]
[EventCountry "COL"]
[SourceTitle "CBM 216 Extra"]
[Source "ChessBase"]
[SourceDate "2023.11.30"]
[SourceVersion "1"]
[SourceVersionDate "2023.11.30"]
[SourceQuality "1"]

1. e4 c5 2. Nf3 d6 3. d4 cxd4 4. Nxd4 Nf6 5. Nc3 g6 6. Be3 Bg7 7. f3 a6 8. Qd2 h5 9. Bc4 Qc7 10. Bb3 Nbd7 11. 0-0-0 b6 12. Kb1 Bb7 13. Rhe1 Ne5 14. Bg5 Nc4 15. Qe2 Rc8 16. Bxf6 Bxf6 17. Nd5 Bxd5 18. exd5 0-0 19. Bxc4 Qxc4 20. Nc6 Qxe2 21. Rxe2 e6 22. c4 b5 23. cxb5 exd5 24. Nb4 axb5 25. Rxd5 Rfe8 26. Rxe8+ Rxe8 27. Nc2 Re2 28. Rxb5 Rxg2 29. a4 Rxh2 30. a5 Rh1+ 31. Ka2 Bh4 32. Rd5 Bf2 33. Rd2 Rf1 34. Nd4 Bxd4 35. Rxd4 Rc1 36. b4 g5 37. a6 Rc8 38. b5 Ra8 39. Kb3 Kf8 40. b6 Rxa6 41. b7 1-0

[Event "Bucaramanga op"]
[Site "Bucaramanga"]
[Date "2023.09.06"]
[Round "1"]
[White "Sequeda Ramirez, Pablo"]
[Black "Brito Carrascal, Isabela"]
[Result "1-0"]
[WhiteElo "2019"]
[BlackElo "1708"]
[PlyCount "63"]
[EventDate "2023.09.06"]
[EventType "swiss"]
[EventRounds "9"]
[EventCountry "COL"]
[SourceTitle "CBM 216 Extra"]
[Source "ChessBase"]
[SourceDate "2023.11.30"]
[SourceVersion "1"]
[SourceVersionDate "2023.11.30"]
[SourceQuality "1"]

1. c4 c5 2. g3 g6 3. Bg2 Bg7 4. Nf3 Nf6 5. 0-0 Nc6 6. d4 cxd4 7. Nxd4 0-0 8. Nc3 Ng4 9. e3 Nge5 10. b3 d6 11. h3 Nxd4 12. exd4 Nc6 13. Be3 Bf5 14. Rc1 Qc8 15. Kh2 Rd8 16. Nd5 f6 17. b4 Re8 18. b5 Nd8 19. c5 Qd7 20. cxd6 exd6 21. Nc7 Rc8 22. Nxe8 Qxe8 23. Qb3+ Kh8 24. Rxc8 Bxc8 25. Qa3 Bf8 26. Qxa7 Qxb5 27. Qa8 Qd7 28. Rc1 Nc6 29. d5 Ne7 30. Qb8 Kg7 31. Qc7 Qa4 32. Qxd6 1-0

[Event "Bogota Bonita op"]
[Site "Bogota"]
[Date "2019.09.27"]
[Round "2"]
[White "Gonzalez Zabala, Fabian Alberto"]
[Black "Sequeda Ramirez, Pablo"]
[Result "1/2-1/2"]
[WhiteElo "1664"]
[BlackElo "2012"]
[PlyCount "41"]
[EventDate "2019.09.26"]
[EventType "swiss"]
[EventRounds "7"]
[EventCountry "COL"]
[SourceTitle "EXT 2020"]
[Source "ChessBase"]
[SourceDate "2019.10.17"]
[SourceVersion "1"]
[SourceVersionDate "2019.10.17"]
[SourceQuality "1"]

1. e4 e6 2. d4 d5 3. Nd2 f5 4. exf5 exf5 5. Bd3 Nf6 6. Ngf3 Bd6 7. 0-0 0-0 8. Re1 Nc6 9. c3 Re8 10. Nf1 Rxe1 11. Qxe1 f4 12. h3 Qe7 13. Qxe7 Nxe7 14. Ne5 g5 15. h4 Bxe5 16. dxe5 Ng4 17. hxg5 Nxe5 18. Be2 N7g6 19. Nh2 Bd7 20. Nf3 Rf8 21. Bd2 1/2-1/2

[Event "San Sebastian IRT"]
[Site "San Cristobal"]
[Date "2018.02.04"]
[Round "7"]
[White "Sequeda Ramirez, Pablo"]
[Black "Valderrama Espinosa, Gilberto"]
[Result "1/2-1/2"]
[WhiteElo "2087"]
[BlackElo "2242"]
[PlyCount "125"]
[EventDate "2018.01.31"]
[EventType "tourn"]
[EventRounds "7"]
[EventCountry "VEN"]
[SourceTitle "EXT 2019"]
[Source "ChessBase"]
[SourceDate "2018.10.10"]
[SourceVersion "1"]
[SourceVersionDate "2018.10.10"]
[SourceQuality "1"]

1. c4 e6 2. g3 c5 3. Bg2 Nc6 4. Nc3 Nf6 5. Nf3 Be7 6. 0-0 0-0 7. d4 d5 8. cxd5 exd5 9. dxc5 Bxc5 10. Na4 Be7 11. b3 Be6 12. Bb2 Ne4 13. Rc1 Bf6 14. Bxf6 Qxf6 15. Nd2 Rfe8 16. Nxe4 dxe4 17. Qe1 Bf5 18. Nc5 Qe7 19. f4 Rac8 20. e3 b6 21. g4 Bxg4 22. Nxe4 Nb4 23. Nf2 Bd7 24. Qe2 a6 25. Rxc8 Rxc8 26. Rd1 Rc2 27. Rd2 Rc1+ 28. Rd1 Qc5 29. Qd2 Rxd1+ 30. Nxd1 Be8 31. a3 Nc6 32. b4 Qe7 33. Qd3 Qd8 34. Qxd8 Nxd8 35. Nc3 Bc6 36. Bxc6 Nxc6 37. Nd5 b5 38. Nc7 Nb8 39. e4 Kf8 40. Kf2 Ke7 41. Ke3 Kd7 42. Nd5 Kd6 43. Nc3 f6 44. h4 g6 45. Kd3 h6 46. Ke3 Nd7 47. Kd4 g5 48. hxg5 hxg5 49. fxg5 fxg5 50. Nd1 Ne5 51. Ne3 Nf3+ 52. Kd3 Ke5 53. Nd5 Ne1+ 54. Ke3 Nc2+ 55. Kf3 Nxa3 56. Nc7 Nc4 57. Nxa6 Nd2+ 58. Kg4 Nxe4 59. Nc7 Kf6 60. Nxb5 Nf2+ 61. Kh5 Nd3 62. Nd6 Nxb4 63. Ne4+ 1/2-1/2

[Event "San Sebastian IRT"]
[Site "San Cristobal"]
[Date "2018.02.04"]
[Round "6"]
[White "Torres Cueto, Jesus Marcial"]
[Black "Sequeda Ramirez, Pablo"]
[Result "1-0"]
[WhiteElo "2188"]
[BlackElo "2087"]
[PlyCount "117"]
[EventDate "2018.01.31"]
[EventType "tourn"]
[EventRounds "7"]
[EventCountry "VEN"]
[SourceTitle "EXT 2019"]
[Source "ChessBase"]
[SourceDate "2018.10.10"]
[SourceVersion "1"]
[SourceVersionDate "2018.10.10"]
[SourceQuality "1"]

1. e4 c5 2. Nc3 Nc6 3. d3 a6 4. Be3 e6 5. g3 d5 6. Bd2 dxe4 7. Nxe4 Nf6 8. Bg2 Nxe4 9. Bxe4 Qc7 10. Ne2 Be7 11. Bc3 e5 12. Bg2 h5 13. h3 Bd7 14. Qd2 0-0-0 15. 0-0-0 Nd4 16. f4 f6 17. Kb1 Bd6 18. fxe5 fxe5 19. Rhf1 Bc6 20. Ng1 e4 21. Bxd4 cxd4 22. Bxe4 Bxg3 23. Bxc6 Qxc6 24. Qg5 Qc7 25. Rf5 Kb8 26. Ne2 Bh2 27. Rdf1 Rhe8 28. Rf7 Qc6 29. Qxh5 Be5 30. Qf3 Bf6 31. Qxc6 bxc6 32. Ng3 Be5 33. Ne4 Rh8 34. Nc5 Rxh3 35. Nd7+ Rxd7 36. Rxd7 Bf6 37. a3 Re3 38. Ka2 a5 39. Kb3 Kc8 40. Ra7 Re5 41. a4 Kb8 42. Rf7 Re8 43. Rh1 Kc8 44. Kc4 Kb8 45. Kc5 Ka8 46. Kxc6 Rb8 47. b3 Rc8+ 48. Rc7 Rb8 49. Re1 Bd8 50. Rxg7 Rc8+ 51. Kd5 Bb6 52. Re6 Rd8+ 53. Kc6 Ba7 54. Rge7 Bb8 55. Kb6 Rf8 56. Kb5 Rf5+ 57. Kc4 Ba7 58. Re8+ Bb8 59. Rxb8+ 1-0

[Event "San Sebastian IRT"]
[Site "San Cristobal"]
[Date "2018.02.03"]
[Round "5"]
[White "Rondon Chacon, Rene Ibrahim"]
[Black "Sequeda Ramirez, Pablo"]
[Result "1-0"]
[WhiteElo "2160"]
[BlackElo "2087"]
[PlyCount "83"]
[EventDate "2018.01.31"]
[EventType "tourn"]
[EventRounds "7"]
[EventCountry "VEN"]
[SourceTitle "EXT 2019"]
[Source "ChessBase"]
[SourceDate "2018.10.10"]
[SourceVersion "1"]
[SourceVersionDate "2018.10.10"]
[SourceQuality "1"]

1. d4 d5 2. Nf3 e6 3. Bf4 f5 4. e3 Nf6 5. c4 c6 6. Nc3 Be7 7. Bd3 0-0 8. 0-0 Ne4 9. h3 Nd7 10. Bh2 Ndf6 11. Ne5 Qe8 12. f3 Nxc3 13. bxc3 Qh5 14. Rb1 Qh6 15. Qe2 g5 16. c5 Nh5 17. c4 f4 18. e4 dxe4 19. Bxe4 Ng7 20. Kh1 Nf5 21. Rfd1 a6 22. d5 exd5 23. cxd5 Bxc5 24. dxc6 b6 25. c7 Ra7 26. Nd7 Rxc7 27. Nxf8 Qxf8 28. Bd5+ Kh8 29. Qe5+ Rg7 30. Bg1 Ne3 31. Rdc1 h5 32. Be6 Bxe6 33. Qxe6 g4 34. Rxb6 Bxb6 35. Rc8 Bd8 36. Qh6+ Kg8 37. Bxe3 fxe3 38. Qxe3 gxf3 39. gxf3 Kh7 40. Qd3+ Kh6 41. Rxd8 Qc5 42. Rd6+ 1-0

[Event "San Sebastian IRT"]
[Site "San Cristobal"]
[Date "2018.02.02"]
[Round "3"]
[White "Sanchez Alvarez, Kelvin Antonio"]
[Black "Sequeda Ramirez, Pablo"]
[Result "1/2-1/2"]
[WhiteElo "2307"]
[BlackElo "2087"]
[PlyCount "123"]
[EventDate "2018.01.31"]
[EventType "tourn"]
[EventRounds "7"]
[EventCountry "VEN"]
[SourceTitle "EXT 2019"]
[Source "ChessBase"]
[SourceDate "2018.10.10"]
[SourceVersion "1"]
[SourceVersionDate "2018.10.10"]
[SourceQuality "1"]

1. e4 c5 2. Nf3 d6 3. d4 cxd4 4. Nxd4 g6 5. Nc3 Bg7 6. Be3 Nf6 7. f3 Nc6 8. Qd2 a6 9. Bc4 Bd7 10. Bb3 Qc7 11. g4 h6 12. 0-0-0 Ne5 13. h4 e6 14. Rhf1 0-0-0 15. Qf2 b5 16. a4 bxa4 17. Nxa4 Bxa4 18. Bxa4 Nfd7 19. Kb1 Nc5 20. Qe2 Kb7 21. Bb3 Rb8 22. f4 Nxb3 23. cxb3 Nc6 24. Rc1 Bxd4 25. Bxd4 Rhc8 26. Qd2 Qa5 27. Bc3 Qb5 28. b4 Rd8 29. f5 Qc4 30. Qe3 Rd7 31. Bd2 Qb5 32. fxg6 fxg6 33. Rf6 Ne5 34. Rxe6 Nxg4 35. Qd4 Ne5 36. Bc3 Rbd8 37. Rd1 g5 38. hxg5 hxg5 39. Qe3 Qc4 40. Rd5 Nc6 41. Qd2 g4 42. Qd3 Qxd3+ 43. Rxd3 Rg8 44. Rg3 Re7 45. Rxe7+ Nxe7 46. Kc2 Rg6 47. Kd3 Kc6 48. Kd4 d5 49. exd5+ Nxd5 50. Be1 Rg8 51. Ra3 Nc7 52. Rc3+ Kb7 53. Re3 Nb5+ 54. Kc5 Rc8+ 55. Kd5 Nc7+ 56. Ke4 Re8+ 57. Kd3 Rxe3+ 58. Kxe3 Kc6 59. Kf4 Kb5 60. Kxg4 Nd5 61. Kf3 Nxb4 62. Ke2 1/2-1/2

[Event "San Sebastian IRT"]
[Site "San Cristobal"]
[Date "2018.02.02"]
[Round "2"]
[White "Sequeda Ramirez, Pablo"]
[Black "Brizuela Abreu, Reivis Gabriel"]
[Result "1/2-1/2"]
[WhiteElo "2087"]
[BlackElo "2214"]
[PlyCount "37"]
[EventDate "2018.01.31"]
[EventType "tourn"]
[EventRounds "7"]
[EventCountry "VEN"]
[SourceTitle "EXT 2019"]
[Source "ChessBase"]
[SourceDate "2018.10.10"]
[SourceVersion "1"]
[SourceVersionDate "2018.10.10"]
[SourceQuality "1"]

1. c4 e6 2. Nf3 d5 3. cxd5 exd5 4. g3 Nf6 5. Bg2 Be7 6. 0-0 0-0 7. b3 c5 8. Bb2 Nc6 9. d4 Ne4 10. dxc5 Bxc5 11. e3 Qe7 12. Qe2 Bg4 13. h3 Bh5 14. Nbd2 Rfe8 15. g4 Bg6 16. Nxe4 Bxe4 17. Rfd1 Rac8 18. Rac1 Bb6 19. Ba1 1/2-1/2

[Event "Uni De Paula Santander op 2nd"]
[Site "Ocana"]
[Date "2016.09.23"]
[Round "1"]
[White "Sanchez Rivera, Diego Rolando"]
[Black "Sequeda Ramirez, Pablo"]
[Result "0-1"]
[WhiteElo "1538"]
[BlackElo "2132"]
[PlyCount "38"]
[EventDate "2016.09.23"]
[EventType "swiss"]
[EventRounds "7"]
[EventCountry "COL"]
[SourceTitle "EXT 2018"]
[Source "ChessBase"]
[SourceDate "2017.10.13"]
[SourceVersion "1"]
[SourceVersionDate "2017.10.13"]
[SourceQuality "1"]

1. e4 e6 2. d4 c5 3. Nf3 cxd4 4. Nxd4 Nf6 5. Nc3 Bb4 6. Bd3 Nc6 7. Nxc6 bxc6 8. Bd2 Qc7 9. Qe2 d5 10. e5 Nd7 11. f4 Bb7 12. a3 Bxc3 13. Bxc3 c5 14. Qf2 a5 15. 0-0 g6 16. g4 h5 17. g5 d4 18. Bd2 Qc6 19. Qh4 Qg2# 0-1

[Event "San Cristobal op 26th"]
[Site "San Cristobal"]
[Date "2016.02.04"]
[Round "2"]
[White "Lizarazo, Omar"]
[Black "Sequeda Ramirez, Pablo"]
[Result "0-1"]
[WhiteElo "1672"]
[BlackElo "2104"]
[PlyCount "94"]
[EventDate "2016.02.04"]
[EventType "swiss"]
[EventRounds "7"]
[EventCountry "VEN"]
[SourceTitle "CBM 170 Extra"]
[Source "ChessBase"]
[SourceDate "2016.02.25"]
[SourceVersion "1"]
[SourceVersionDate "2016.02.25"]
[SourceQuality "1"]

1. e4 e6 2. d3 d5 3. Nd2 f5 4. Qe2 Be7 5. g3 Nf6 6. Bg2 0-0 7. e5 Ng4 8. Ngf3 Nh6 9. Nb3 Nf7 10. 0-0 c5 11. d4 b6 12. Re1 Ba6 13. Qd1 Nc6 14. Be3 c4 15. Nc1 b5 16. Ne2 Bc8 17. Nf4 a5 18. a4 bxa4 19. Rxa4 Qb6 20. Bc1 g5 21. Nh5 g4 22. Nh4 Qxd4 23. Qxd4 Nxd4 24. c3 Nc6 25. Bf4 Rb8 26. Re2 Rb5 27. Ra2 Bb7 28. h3 Rd8 29. Ra4 Nb8 30. hxg4 fxg4 31. Bc1 Nd7 32. Nf6+ Bxf6 33. exf6 Nc5 34. Ra2 Nd6 35. Be3 Nce4 36. Bd4 Kf7 37. Bxe4 Nxe4 38. Rxe4 dxe4 39. Ng2 e3 40. Nxe3 e5 41. Ba7 Rd2 42. Kf1 Bf3 43. Ke1 Re2+ 44. Kf1 Rexb2 45. Rxb2 Rxb2 46. Ke1 Re2+ 47. Kf1 a4 0-1

[Event "Fuerza Aurinegra op 1st"]
[Site "San Cristobal"]
[Date "2015.11.13"]
[Round "5"]
[White "Sequeda Ramirez, Pablo"]
[Black "Vergara Duplaquet, Pablo Alejandro"]
[Result "1/2-1/2"]
[WhiteElo "2104"]
[BlackElo "2012"]
[PlyCount "78"]
[EventDate "2015.11.11"]
[EventType "swiss"]
[EventRounds "7"]
[EventCountry "VEN"]
[SourceTitle "EXT 2018"]
[Source "ChessBase"]
[SourceDate "2017.10.13"]
[SourceVersion "1"]
[SourceVersionDate "2017.10.13"]
[SourceQuality "1"]

1. c4 e5 2. Nc3 Nc6 3. g3 g6 4. Bg2 Bg7 5. d3 Nge7 6. h4 h5 7. Bg5 f6 8. Bd2 d6 9. e3 a6 10. Nd5 Nf5 11. Ne2 Bd7 12. Qc2 Qc8 13. 0-0-0 Nd8 14. c5 dxc5 15. Qxc5 Ne6 16. Qc2 Bc6 17. Bc3 Qd7 18. d4 exd4 19. Nxd4 Nexd4 20. Bxd4 Bxd5 21. Bc3 Bxg2 22. Rxd7 Kxd7 23. Rd1+ Kc8 24. Qb3 b6 25. Qf7 Kb7 26. Rd7 Rac8 27. Qxg6 Bh3 28. Rxg7 Nxg7 29. Qxg7 Rhd8 30. Bxf6 Rd7 31. Qg6 Rf8 32. e4 Bg4 33. e5 Rd1+ 34. Kc2 Re1 35. Qg7 Rc8 36. Kd3 Rd1+ 37. Ke3 Re1+ 38. Kd3 Rd1+ 39. Ke3 Re1+ 1/2-1/2

[Event "Ocana op 1st"]
[Site "Ocana"]
[Date "2015.09.26"]
[Round "3"]
[White "Sequeda Ramirez, Pablo"]
[Black "Carreno Acevedo, Jhonatan Robert"]
[Result "1-0"]
[WhiteElo "2099"]
[BlackElo "1887"]
[PlyCount "79"]
[EventDate "2015.09.25"]
[EventType "swiss"]
[EventRounds "7"]
[EventCountry "COL"]
[SourceTitle "EXT 2016"]
[Source "ChessBase"]
[SourceDate "2015.10.08"]
[SourceVersion "1"]
[SourceVersionDate "2015.10.08"]
[SourceQuality "1"]

1. c4 Nf6 2. Nc3 e6 3. g3 d5 4. cxd5 exd5 5. Bg2 Be7 6. Nf3 0-0 7. d3 c5 8. Bg5 Nbd7 9. e4 d4 10. Ne2 Ng4 11. Bxe7 Qxe7 12. h3 Nge5 13. Nxe5 Nxe5 14. f4 Nc6 15. 0-0 f5 16. Kh2 Kh8 17. Rc1 Bd7 18. Ng1 Rac8 19. Re1 Qd6 20. e5 Qe7 21. a3 Be6 22. b3 b6 23. Rb1 a5 24. Nf3 h6 25. Nd2 b5 26. Qe2 Qd7 27. Ra1 Ne7 28. a4 c4 29. bxc4 bxc4 30. dxc4 d3 31. Qe3 Bxc4 32. Rec1 Be6 33. Rxc8 Rxc8 34. Ra3 Rd8 35. Qc5 Nd5 36. Rxd3 Rc8 37. Qxa5 Rd8 38. Qc5 Kg8 39. Nf1 Rc8 40. Qa5 1-0

[Event "Porlamar Mata Figueroa Memorial"]
[Site "Porlamar"]
[Date "2015.08.24"]
[Round "5"]
[White "Rondon Chacon, Rene Ibrahim"]
[Black "Sequeda Ramirez, Pablo"]
[Result "1-0"]
[WhiteElo "2146"]
[BlackElo "2090"]
[PlyCount "43"]
[EventDate "2015.08.22"]
[EventType "swiss"]
[EventRounds "9"]
[EventCountry "VEN"]
[SourceTitle "EXT 2018"]
[Source "ChessBase"]
[SourceDate "2017.10.13"]
[SourceVersion "1"]
[SourceVersionDate "2017.10.13"]
[SourceQuality "1"]

1. Nf3 d5 2. c4 e6 3. d4 c6 4. Nc3 f5 5. Bf4 Nf6 6. e3 Be7 7. h3 Ne4 8. Bd3 Qa5 9. Qb3 Nd7 10. 0-0 g5 11. Bh2 Bf6 12. cxd5 exd5 13. Bxe4 fxe4 14. Nd2 Qb6 15. Ncxe4 dxe4 16. Qe6+ Kd8 17. Nc4 Qb4 18. Nd6 Rf8 19. d5 c5 20. Nf7+ Rxf7 21. Qxf7 Qxb2 22. Qg8+ 1-0

[Event "Caracas Torbin op"]
[Site "Caracas"]
[Date "2014.12.19"]
[Round "3"]
[White "Blanco Ronquillo, Humberto L"]
[Black "Sequeda Ramirez, Pablo"]
[Result "1-0"]
[WhiteElo "2425"]
[BlackElo "2108"]
[PlyCount "81"]
[EventDate "2014.12.18"]
[EventType "swiss"]
[EventRounds "7"]
[EventCountry "VEN"]
[SourceTitle "CBM 164 Extra"]
[Source "ChessBase"]
[SourceDate "2015.03.02"]
[SourceVersion "1"]
[SourceVersionDate "2015.03.02"]
[SourceQuality "1"]

1. d4 d5 2. c4 e6 3. Nc3 f5 4. Bf4 Nf6 5. e3 c6 6. Nf3 Be7 7. Bd3 0-0 8. 0-0 Ne4 9. h3 Nd7 10. Bh2 Bd6 11. Bxd6 Nxd6 12. Qe2 Qf6 13. Rfd1 b6 14. Rac1 Bb7 15. cxd5 exd5 16. Ba6 Bxa6 17. Qxa6 f4 18. exf4 Qxf4 19. Ne2 Qf6 20. Qa4 Nc4 21. Qc2 Rac8 22. Ng3 g6 23. Re1 c5 24. b3 Nd6 25. dxc5 bxc5 26. Qd2 d4 27. b4 Rfd8 28. bxc5 Nxc5 29. Qxd4 Qxd4 30. Nxd4 Nd3 31. Rxc8 Rxc8 32. Re2 Rc3 33. Re6 Nc8 34. Ne4 Rc1+ 35. Kh2 Kg7 36. Re8 h6 37. Rd8 Ne5 38. f4 Re1 39. fxe5 Rxe4 40. Ne6+ Kf7 41. Nc5 1-0

[Event "Caracas Torbin op"]
[Site "Caracas"]
[Date "2014.12.19"]
[Round "2"]
[White "Suarez Pinto, Sergio Rafael"]
[Black "Sequeda Ramirez, Pablo"]
[Result "0-1"]
[WhiteElo "1837"]
[BlackElo "2108"]
[PlyCount "120"]
[EventDate "2014.12.18"]
[EventType "swiss"]
[EventRounds "7"]
[EventCountry "VEN"]
[SourceTitle "CBM 164 Extra"]
[Source "ChessBase"]
[SourceDate "2015.03.02"]
[SourceVersion "1"]
[SourceVersionDate "2015.03.02"]
[SourceQuality "1"]

1. e4 e5 2. Nf3 Nf6 3. Nxe5 d6 4. Nf3 Nxe4 5. d4 d5 6. Nbd2 Bd6 7. Bd3 Nxd2 8. Bxd2 Qe7+ 9. Be3 Bf4 10. Qd2 Bxe3 11. fxe3 Nc6 12. c3 Bg4 13. 0-0-0 0-0-0 14. Rde1 f6 15. e4 dxe4 16. Bxe4 Qd6 17. Qc2 Kb8 18. Kb1 g6 19. Rhf1 Rhe8 20. h3 Be6 21. b3 Bd7 22. Kb2 Re7 23. Re2 Rde8 24. Rfe1 a6 25. Bd3 Qg3 26. d5 Ne5 27. Nxe5 Rxe5 28. Rxe5 Rxe5 29. Rxe5 Qxe5 30. Be4 f5 31. Bf3 g5 32. Qe2 Qxe2+ 33. Bxe2 c5 34. Kc2 Kc7 35. Kd3 Kd6 36. c4 Ke5 37. Ke3 h6 38. Bd1 b5 39. Be2 b4 40. Bf3 Be8 41. Be2 a5 42. Bd1 Bg6 43. Kd2 Kf4 44. Bf3 Be8 45. Ke2 g4 46. hxg4 fxg4 47. g3+ Kxg3 48. Be4 Kf4 49. Bh7 Bd7 50. Kf2 g3+ 51. Kg2 Bg4 52. Bg8 Bf3+ 53. Kg1 Ke5 54. Be6 h5 55. Bc8 Be4 56. Bh3 h4 57. Bc8 Bb1 58. Bd7 Bxa2 59. Ba4 h3 60. Kh1 Bb1 0-1

[Event "Bucaramanga Udi Cup"]
[Site "Bucaramanga"]
[Date "2014.10.16"]
[Round "3"]
[White "Sequeda Ramirez, Pablo"]
[Black "Ruiz Aguilar, Pablo Alexander"]
[Result "1/2-1/2"]
[WhiteElo "2105"]
[BlackElo "2264"]
[PlyCount "35"]
[EventDate "2014.10.15"]
[EventType "swiss"]
[EventRounds "9"]
[EventCountry "COL"]
[SourceTitle "EXT 2015"]
[Source "ChessBase"]
[SourceDate "2014.11.20"]
[SourceVersion "1"]
[SourceVersionDate "2014.11.20"]
[SourceQuality "1"]

1. c4 c6 2. g3 d5 3. cxd5 cxd5 4. Bg2 Nf6 5. Nf3 Nc6 6. 0-0 e6 7. d3 Be7 8. a3 0-0 9. Nbd2 b6 10. b3 Bb7 11. Bb2 Nd7 12. Rc1 Bf6 13. d4 Rc8 14. b4 a5 15. b5 Ne7 16. Qb3 Nf5 17. a4 Re8 18. e3 1/2-1/2